Cry for me - The Weeknd - lyrics - Statistics

General Stats
  • This quiz has been taken 41 times
  • The average score is 329 of 430
Answer Stats
Answer % Correct
a
100%
cry
100%
for
100%
I
100%
me
100%
you
100%
baby
95%
Every
95%
it
95%
like
95%
night
95%
with
95%
and
90%
And
90%
Cause
90%
my
90%
hope
85%
on
85%
time
85%
easy
80%
life
80%
now
80%
Now
80%
take
80%
to
80%
your
80%
can
75%
of
75%
the
75%
The
75%
this
75%
tried
75%
But
70%
Girl
70%
I'm
70%
song
70%
still
70%
that
70%
we're
70%
When
70%
can't
65%
End
65%
end
65%
feel
65%
lie
65%
not
65%
saw
65%
strangers
65%
believe
60%
phone
60%
pick
60%
slowly
60%
Slowly
60%
told
60%
up
60%
you're
60%
at
55%
gone
55%
I'll
55%
least
55%
live
55%
play
55%
see
55%
you'll
55%
all
50%
feelings
50%
floor
50%
In
50%
I've
50%
truth
50%
alone
45%
clear
45%
Don't
45%
fucking
45%
hide
45%
is
45%
reason
45%
wish
45%
been
40%
Been
40%
fears
40%
leaving
40%
living
40%
most
40%
over
40%
piece
40%
sympathy
40%
tears
40%
whisky
40%
always
35%
breathing
35%
gave
35%
hit
35%
Kills
35%
little
35%
mystery
35%
near
35%
penthouse
35%
road
35%
takes
35%
wash
35%
disappear
30%
myself
30%
own
30%
scream
30%
stage
30%
toll
30%
took
30%
You've
30%
ain't
25%
bleeding
25%
cheers
25%
ears
25%
needed
25%
showing
25%
spirits
25%
stop
25%
better
20%
block
20%
faded
20%
home
20%
crowd'll
15%
interfere
15%
prison
15%
burning
10%
No matching quizzes found
Score Distribution
Percent of People with Each Score
Percentile by Number Answered
Your Score History
You have not taken this quiz